000 00601nam a22002177a 4500
003 UA-OsUOA
001 117283
007 ta
008 20160516b un ||||| |||| 00| 0 ukr d
090 _a82.09(091)(477)
_bІ-90
942 _cBK
040 _aUA-OsUOA
_bukr
_cUA-OsUOA
_dUA-OsUOA
245 _aІсторія української літератури
300 _a742 с.
955 _a2
041 _aukr
080 _a82.09(091)(477)
260 _aК.
_bНаукова думка
_c1988
650 7 _a82 Література. Літературознавство
_2UDC
999 _c403308
_d403308